000 00695nam a2200253Ia 4500
003 OSt
005 20220918200654.0
006 a|||||r|||| 00| 0
007 ta
008 220917b |||||||| |||| 00| 0 eng d
024 _a89,812
037 _cTextual
040 _aARTS
_cARTS
_beng
041 _2eng
_aeng
082 _aU8:6137B:M8, K3
100 _aTabler Edward C. Ed
_995122
245 0 _aTrade and travel in early Barotseland
260 _aBerkeley
_bCalifornia University Press
_c1963
300 _a125p
_ccm.
490 _aRobins series; 2
650 _aGEOGRAPHY
942 _hU8:6137B:M8, K3
_cTEXL
_2CC
999 _c213481
_d213481